000 01270nam a2200349Ia 4500
005 20220317000949.0
008 160825s2007 mx a g 000 0 spa
020 _a97896816476012
100 1 _aNeedle, Jan
_d1943-
245 1 3 _aEl ladrón
_cJan Needle ; ilustrado por Luis Fernando Enríquez ; traducido por Juan José Utrilla
250 _a2a. edición
_b7a. reimpresión
300 _a116 páginas
_bilustraciones en blanco y negro
_c19 cm
490 _aA la orilla del viento
490 _aPara los grandes lectores
500 _aIncluye datos biográficos
521 _aRecomendado para jóvenes a partir de 13 años
534 _tThe thief
650 1 4 _2LEMB
_aNovela inglesa
_ySiglo XX
650 1 4 _2LEMB
_aLiteratura inglesa
_ySiglo XX
650 1 4 _2LEMB
_aLadrones en la literatura
650 1 4 _2LEMB
_aAventuras en la literatura
650 1 4 _2LEMB
_aJusticia en la literatura
700 1 _aEnríquez, Luis Fernando
_963699
700 1 _aUtrilla Trejo, Juan José
_963700
942 _2loc
_cBKLIT
264 _aMéxico
_bFondo de Cultura Económica
_c2007
336 _atexto
_btxt
_2rdacontent
337 _asin mediación
_bn
_2rdamedia
338 _avolumen
_bnc
_2rdacarrier
040 _aCO-BoRNBP
_bspa
_erda
_cCO-BoRNBP
084 _aN NEE1
999 _c5535
_d5535